|
|
|
|
| LEADER |
00000nam0a2200000 4500 |
| 001 |
81798 |
| 005 |
20231031095338.0 |
| 035 |
|
|
|a (RuTPU)RU\TPU\book\87910
|
| 090 |
|
|
|a 81798
|
| 100 |
|
|
|a 20050923d1987 m y0rusy50 ca
|
| 101 |
0 |
|
|a rus
|
| 102 |
|
|
|a RU
|
| 105 |
|
|
|a a n 001zy
|
| 200 |
1 |
|
|a Сборник законодательных актов о государственных наградах СССР
|
| 210 |
|
|
|a Москва
|c Известия
|d 1987
|
| 215 |
|
|
|a 336 с.
|c ил.
|
| 320 |
|
|
|a Алф.-предм. указ.: с. 317-320
|
| 610 |
1 |
|
|a СССР
|
| 610 |
1 |
|
|a степени отличия
|
| 610 |
1 |
|
|a награды
|
| 610 |
1 |
|
|a ордена
|
| 610 |
1 |
|
|a медали
|
| 610 |
1 |
|
|a почетные звания
|
| 610 |
1 |
|
|a награждение
|
| 610 |
1 |
|
|a ношение
|
| 610 |
1 |
|
|a лишение
|
| 610 |
1 |
|
|a документы
|
| 610 |
1 |
|
|a законы
|
| 610 |
1 |
|
|a указы
|
| 610 |
1 |
|
|a постановления
|
| 610 |
1 |
|
|a положения
|
| 610 |
1 |
|
|a инструкции
|
| 686 |
|
|
|a Х627.5
|v LBC/SL-A
|2 rubbk
|
| 801 |
|
1 |
|a RU
|b 63413507
|c 20050923
|g PSBO
|
| 801 |
|
2 |
|a RU
|b 63413507
|c 20190814
|g RCR
|
| 942 |
|
|
|c BK
|